Viajes por nuestras cumbres : (Record no. 94148)

MARC details
000 -LEADER
campo de control de longitud fija 01155cam a2200289 i 4500
001 - NÚMERO DE CONTROL
campo de control 36517
005 - FECHA Y HORA DE LA ÚLTIMA TRANSACCIÓN
campo de control 20230410142343.0
008 - DATOS DE LONGITUD FIJA--INFORMACIÓN GENERAL
campo de control de longitud fija 070309b1994 dr a 001 0 spa d
035 ## - NÚMERO DE CONTROL DEL SISTEMA
Número de control de sistema (OCoLC)23138544
040 ## - FUENTE DE CATALOGACIÓN
Centro catalogador/agencia de origen lCN
Centro/agencia transcriptor DLC
Centro/agencia modificador DLC
041 0# - CÓDIGO DE IDIOMA
Código de lengua del texto/banda sonora o título independiente spn
050 14 - SIGNATURA TOPOGRÁFICA DE LA BIBLIOTECA DEL CONGRESO
Número de clasificación BX 1755
Número de ítem F634v 1994
100 1# - ENTRADA PRINCIPAL--NOMBRE DE PERSONA
Nombre de persona Flores Santana, Juan Antonio
245 10 - MENCIÓN DEL TÍTULO
Título Viajes por nuestras cumbres :
Resto del título bellezas y mensajes /
Mención de responsabilidad, etc. Juan Antonio Flores Santana
260 ## - PUBLICACIÓN, DISTRIBUCIÓN, ETC.
Lugar de publicación, distribución, etc. Santiago, República Dominicana :
Nombre del editor, distribuidor, etc. Editorial PUCMM,
Fecha de publicación, distribución, etc. 1994
300 ## - DESCRIPCIÓN FÍSICA
Extensión 88 p.;
Dimensiones 22cm.
440 #0 - MENCIÓN DE SERIE/PUNTO DE ACCESO ADICIONAL--TÍTULO
Título Colección Contemporáneos :
Designación de volumen o secuencia no. 172
500 ## - NOTA GENERAL
Nota general Includes index
501 ## - NOTA DE CON
Nota de "Con" "Fotografia de la portada: Domingo Bautista, Amanecer entre los pinos de la cima del Pico Duarte mirando hacia el Pico Yaque"
650 #0 - PUNTO DE ACCESO ADICIONAL DE MATERIA--TÉRMINO DE MATERIA
Término de materia o nombre geográfico como elemento de entrada Catholic Church
Subdivisión geográfica Dominican Republic
Subdivisión general History and geography
651 #0 - PUNTO DE ACCESO ADICIONAL DE MATERIA--NOMBRE GEOGRÁFICO
Nombre geográfico Dominican Republic
Subdivisión general Geography
Subdivisión cronológica Church history
650 #0 - PUNTO DE ACCESO ADICIONAL DE MATERIA--TÉRMINO DE MATERIA
Término de materia o nombre geográfico como elemento de entrada Iglesia Católica
Subdivisión geográfica República Dominicana
Subdivisión general Historia y geografía
651 #0 - PUNTO DE ACCESO ADICIONAL DE MATERIA--NOMBRE GEOGRÁFICO
Nombre geográfico República Dominicana
Subdivisión general Geografía
-- Historia de la iglesia.
710 2# - ENTRADA AGREGADA--NOMBRE DE ENTIDAD CORPORATIVA
Nombre de entidad corporativa o nombre de jurisdicción como elemento de entrada Pontificia Universidad Católica Madre y Maestra
942 ## - ELEMENTOS DE ENTRADA SECUNDARIOS (KOHA)
Fuente del sistema de clasificación o colocación Clasificación de Library of Congress
Tipo de ítem Koha
994 ## -
-- CO
-- DRFGD
Holdings
Estatus retirado Estado de pérdida Fuente del sistema de clasificación o colocación Estado de daño No para préstamo Colección Biblioteca de origen Biblioteca actual Ubicación en estantería Fecha de adquisición Serial enumeration / chronology Signatura topográfica completa Código de barras Visto por última vez Copia número Tipo de ítem Koha
    Clasificación de Library of Congress     Humanidades Biblioteca Juan Bosch Biblioteca Juan Bosch Humanidades (4to. Piso) 10/04/2023 1 BX 1755 F634v 1994 00000037416 17/11/2018 1